Ciencias sociales (Registro nro. 5533)
[ vista simple ]
| 000 -CABECERA | |
|---|---|
| campo de control de longitud fija | 02297ata a2200769 4500 |
| 005 - FECHA Y HORA DE ACTUALIZACIÓN | |
| campo de control | 20160901105701.0 |
| 008 - LONGITUD FIJA | |
| campo de control de longitud fija | 150515b xxu||||| |||| 00| 0 spa d |
| 041 ## - IDIOMA | |
| Código de idioma del texto/pista de sonido o título separado | |
| 082 ## - CLASIFICACIÓN DECIMAL DEWEY | |
| Número de clasificación | 910 C569c |
| 245 ## - TÍTULO PROPIAMENTE DICHO | |
| Título | Ciencias sociales |
| 260 ## - PIE DE IMPRENTA | |
| Lugar de publicación, distribución, etc. | España |
| Nombre del editor, distribuidor, etc. | Alfanauta |
| Fecha de publicación, distribución, etc. | 2007 |
| 300 ## - DESCRIPCIÓN FÍSICA | |
| Extensión | 398 páginas |
| 505 ## - Nota de Contenido | |
| Nota de contenido | Contiene Calendario Cultural de los Siglos XX-XXI |
| 650 ## - Materia General | |
| Materia general | GEOGRAFÍA UNIVERSAL |
| 650 ## - Materia General | |
| Materia general | GEOGRAFÍA FÍSICA |
| 650 ## - Materia General | |
| Materia general | GEOGRAFÍA POLÍTICA |
| 650 ## - Materia General | |
| Materia general | GEOGRAFÍA HUMANA |
| 650 ## - Materia General | |
| Materia general | GEOGRAFÍA ECONÓMICA |
| 650 ## - Materia General | |
| Materia general | GEOGRAFÍA SOCIAL |
| 650 ## - Materia General | |
| Materia general | ATLAS UNIVERSAL |
| 650 ## - Materia General | |
| Materia general | TÉRMINOS GEOGRÁFICOS |
| 650 ## - Materia General | |
| Materia general | ASIA |
| 650 ## - Materia General | |
| Materia general | ÁFRICA |
| 650 ## - Materia General | |
| Materia general | OCEANÍA |
| 650 ## - Materia General | |
| Materia general | PREHISTORIA |
| 650 ## - Materia General | |
| Materia general | MUNDO ANTIGUO |
| 650 ## - Materia General | |
| Materia general | CULTURAS PRECOLOMBINAS |
| 650 ## - Materia General | |
| Materia general | EDAD MEDIA |
| 650 ## - Materia General | |
| Materia general | SIGLO XIX |
| 650 ## - Materia General | |
| Materia general | SIGLO XX |
| 650 ## - Materia General | |
| Materia general | HISTORIA UNIVERSAL |
| 650 ## - Materia General | |
| Materia general | CRONOLOGÍA DE LOS SIGLOS XX-XXI |
| 650 ## - Materia General | |
| Materia general | AMÉRICA DEL NORTE |
| 650 ## - Materia General | |
| Materia general | AMÉRICA CENTRAL |
| 650 ## - Materia General | |
| Materia general | AMÉRICA DEL SUR |
| 650 ## - Materia General | |
| Materia general | EUROPA |
| 650 ## - Materia General | |
| Materia general | MUNDO MODERNO |
| 650 ## - Materia General | |
| Materia general | UNIVERSO |
| 650 ## - Materia General | |
| Materia general | TIERRA |
| 650 ## - Materia General | |
| Materia general | AGUA |
| 650 ## - Materia General | |
| Materia general | CLIMA |
| 650 ## - Materia General | |
| Materia general | FLORA |
| 650 ## - Materia General | |
| Materia general | FAUNA |
| 650 ## - Materia General | |
| Materia general | BOSQUES |
| 650 ## - Materia General | |
| Materia general | DESIERTOS |
| 650 ## - Materia General | |
| Materia general | POBLACIÓN |
| 650 ## - Materia General | |
| Materia general | DESARROLLO HUMANO |
| 650 ## - Materia General | |
| Materia general | AGRICULTURA |
| 650 ## - Materia General | |
| Materia general | GANADERÍA |
| 650 ## - Materia General | |
| Materia general | PESCA |
| 650 ## - Materia General | |
| Materia general | SILVICULTURA |
| 650 ## - Materia General | |
| Materia general | MINERÍA |
| 650 ## - Materia General | |
| Materia general | FUENTES DE ENERGÍA |
| 650 ## - Materia General | |
| Materia general | ZONAS POLARES |
| 650 ## - Materia General | |
| Materia general | CIVILIZACIONES AMERICANAS |
| 650 ## - Materia General | |
| Materia general | CIVILIZACIÓN EGIPCIA |
| 650 ## - Materia General | |
| Materia general | IMPERIO ROMANO |
| 650 ## - Materia General | |
| Materia general | RENACIMIENTO |
| 650 ## - Materia General | |
| Materia general | COLONIZACIÓN |
| 650 ## - Materia General | |
| Materia general | REVOLUCIÓN INDUSTRIAL |
| 650 ## - Materia General | |
| Materia general | IMPERIALISMO |
| 650 ## - Materia General | |
| Materia general | PRIMERA GUERRA MUNDIAL |
| 650 ## - Materia General | |
| Materia general | SEGUNDA GUERRA MUNDIAL |
| 650 ## - Materia General | |
| Materia general | GUERRA FRÍA |
| 650 ## - Materia General | |
| Materia general | DESCOLONIZACIÓN |
| 942 ## - Punto de Acceso Adicional Koha | |
| Tipo de ítem Koha | Libro |
| Estado perdido | Estado dañado | No para préstamo | Biblioteca permanente | Biblioteca actual | Signatura completa | Código de barras | Precio efectivo a partir del | Tipo de ítem |
|---|---|---|---|---|---|---|---|---|
| Departamento de Biblioteca y Documentación Alfonso Chase Brenes | Departamento de Biblioteca y Documentación Alfonso Chase Brenes | 910 C569c | 14645 | 01/09/2016 | Libro |